<?xml version="1.0" encoding="UTF-8"?>
<marc:record xmlns:marc="http://www.loc.gov/MARC21/slim">
   <marc:leader>00000nam a2200000 a 4500</marc:leader>
   <marc:datafield ind1="1" ind2=" " tag="100">
      <marc:subfield code="a">Till, Jochen</marc:subfield>
      <marc:subfield code="4">aut</marc:subfield>
      <marc:subfield code="e">Verfasser/-in</marc:subfield>
   </marc:datafield>
   <marc:datafield ind1="0" ind2="0" tag="245">
      <marc:subfield code="a">Cornibus &amp; Co</marc:subfield>
   </marc:datafield>
   <marc:datafield ind1="0" ind2="0" tag="245">
      <marc:subfield code="b">Ein Hausdämon packt aus!</marc:subfield>
   </marc:datafield>
   <marc:datafield ind1=" " ind2="1" tag="264">
      <marc:subfield code="b">Löwe</marc:subfield>
      <marc:subfield code="c">2020</marc:subfield>
   </marc:datafield>
   <marc:datafield ind1="1" ind2=" " tag="520">
      <marc:subfield code="a">Hach! Was muss man als Chef der Hölle nicht alles aushalten! Kurz vor Feierabend bekommt man noch einen Haufen Neuankömmlinge auf den Schreibtisch! Wie lästig. Zum Glück läuft heute Abend bei RTHell eine interessante Sendung: Ein Höllenforscher erzählt, wie die Dämonen entstanden sind. Und Hausdämon Cornibus hilft ihm dabei. Aber am besten, ihr schaut es euch selbst an. Exklusive Erkenntnisse, atemberaubende Aufnahmen und geniale Gags garantiert!
Wer das verpasst, hat in der Hölle nichts verloren!</marc:subfield>
   </marc:datafield>
   <marc:datafield ind1=" " ind2=" " tag="020">
      <marc:subfield code="a">9783743205659</marc:subfield>
      <marc:subfield code="9">9783743205659</marc:subfield>
   </marc:datafield>
</marc:record>
